000 00587nam a2200193Ia 4500
005 20250508154527.0
008 008 250505s9999 xx 000 0 eng d
037 _aTextual
040 _aFEDL
_beng
_cFEDL
041 _aeng
_2eng
084 _a153.15, SMI
_qFEDL
100 _aSimth Karl U.
_9765584
245 0 _aCybernetic principles of learning and educational design
260 _aNew York, USA
_bHolt, Rinehart and Winston
_c1966
300 _axiv,529p.
700 _a Smith Margaret Foltz
_9765585
942 _cTEXL
_h153.15, SMI
999 _c1350774
_d1350774